| 000 | 00816cab a22002295a 4500 | ||
|---|---|---|---|
| 001 | L152448 | ||
| 008 | 110308s2011 xxka f 000 0 eng d | ||
| 035 | _a(Sirsi) u152448 | ||
| 041 | 0 | _aeng | |
| 100 | 1 | _aBacon, John MD | |
| 245 | 0 | 0 |
_aStandard forms of partnering contract _bthe ultimate contractual commitment? |
| 260 | _c2011 | ||
| 490 |
_aCivil Engineering Surveyor _vMarch 2011, 29-32(4) |
||
| 520 | _aCompares the terms of some of the different standard forms of partnering contract currently available. Discusses the (alleged) benefits and asks whether partnering actually works. | ||
| 590 | _aKA | ||
| 651 | 4 |
_aUnited Kingdom _y |
|
| 690 | _aBUILT ENVIRONMENT-CONSTRUCTION MANAGEMENT | ||
| 700 | 1 | _aHosie, Jonathan | |
| 700 | 1 | _aRowlinson, Michael | |
| 700 | 1 | _aWilliams, Steven D | |
| 942 | _n0 | ||
| 999 |
_c82966 _d82966 |
||